000 00438nam a2200205Ia 4500
001 000837
003 YMCAF
005 20230512160036.0
008 100717s1971 ||||||||||||||||| ||und|d
024 _a837
035 _a819
040 _aYMCAF
_beng
_cIN-KoLT
041 _aeng
082 _a621.381
_b51 GEW
100 _aGEWARTOWSK.
245 0 _aINTRODUCTION TO ELECTRON TUBES
260 _c1971
300 _a370
942 _2ddc
_cBK
999 _c653
_d653